000 00413nam a22001577a 4500
005 20180202120937.0
008 160427b xxu||||| |||| 00| 0 eng d
020 _a81-203-2155-3
041 _aeng
082 _b00325
_a004.21
100 _aKendall, Kenneth E. and Kendall, julie E
_94050
245 _aSystem Analysis and Design
260 _aNew Delhi
_bPHI Pvt Ltd. N. Delhi
_c2004
300 _a914
942 _cBK
999 _c107
_d107